[Event "Krakow op-A 34th"]
[Site "Krakow"]
[Date "2024.01.03"]
[Round "8"]
[White "Bilczewski, Kacper"]
[Black "Janzelj, Tim"]
[Result "1-0"]
[WhiteElo "2125"]
[BlackElo "2441"]
[PlyCount "117"]
[EventDate "2023.12.27"]
[EventType "swiss"]
[EventRounds "9"]
[EventCountry "POL"]
[SourceTitle "CB02_2024"]
[SourceDate "2024.01.10"]
[SourceVersion "1"]
[SourceVersionDate "2024.01.10"]
[SourceQuality "1"]

1. e4 d6 2. Nf3 Nf6 3. Nc3 e5 4. d4 Nbd7 5. g3 c6 6. Bg2 b5 7. 0-0 Be7 8. a3 0-0 9. h3 Bb7 10. Be3 a5 11. Nh4 Re8 12. Nf5 Bf8 13. g4 exd4 14. Qxd4 c5 15. Qd1 Qb6 16. Nd5 Qc6 17. Ng3 g6 18. g5 Nxd5 19. exd5 Qc7 20. Ne4 Re5 21. Qg4 Rf5 22. Rad1 Re8 23. Bf4 Bc8 24. Qg3 Ne5 25. Nf6+ Rxf6 26. gxf6 Qd8 27. Rfe1 Bf5 28. Bxe5 dxe5 29. Rxe5 Rxe5 30. Qxe5 Bd6 31. Qc3 b4 32. axb4 axb4 33. Qe3 Qxf6 34. c3 b3 35. Ra1 Kg7 36. Ra7 Bc2 37. Rb7 h5 38. Qf3 Bf4 39. d6 Qxd6 40. Qd5 Qf6 41. Qxc5 Bc1 42. Qd4 Bxb2 43. Bd5 Qxd4 44. cxd4 Bxd4 45. Bxf7 Kh6 46. Bxb3 Bf5 47. Rb4 Bf6 48. Kg2 Be7 49. Ra4 Kg7 50. Bd5 Bc5 51. f3 Bd7 52. Ra5 Be3 53. Be4 Bc8 54. Ra3 Bd4 55. Ra4 Bb6 56. Rc4 Bf5 57. Bxf5 gxf5 58. Rc6 Bd4 59. Kg3 1-0

[Event "Krakow op-A 34th"]
[Site "Krakow"]
[Date "2023.12.28"]
[Round "2"]
[White "Hryharovich, Aliaksei"]
[Black "Janzelj, Tim"]
[Result "1/2-1/2"]
[WhiteElo "2195"]
[BlackElo "2441"]
[PlyCount "131"]
[EventDate "2023.12.27"]
[EventType "swiss"]
[EventRounds "9"]
[EventCountry "POL"]
[SourceTitle "CB02_2024"]
[SourceDate "2024.01.10"]
[SourceVersion "1"]
[SourceVersionDate "2024.01.10"]
[SourceQuality "1"]

1. d4 d5 2. Nf3 Nf6 3. c4 c6 4. Nc3 dxc4 5. a4 Bf5 6. Nh4 e6 7. Nxf5 exf5 8. e3 Bd6 9. Bxc4 0-0 10. h3 Re8 11. Bd2 c5 12. dxc5 Bxc5 13. Qb3 Qd7 14. 0-0-0 Nc6 15. Nd5 Ne4 16. Bc3 Qc8 17. Rhf1 b6 18. Qc2 Qb7 19. g4 a6 20. gxf5 b5 21. Rg1 Bf8 22. Bd3 Nxc3 23. Qxc3 Nb4 24. Nf6+ Kh8 25. Kb1 Rec8 26. Qd4 Qc6 27. Be4 Qxf6 28. Qxf6 gxf6 29. Bxa8 Rxa8 30. axb5 axb5 31. Rd7 Re8 32. Rxf7 Nd5 33. Rd7 Ne7 34. Rb7 Nxf5 35. Rxb5 Nd6 36. Rd5 Ne4 37. Rg2 Rb8 38. Kc2 Nd6 39. b3 Rc8+ 40. Kb2 f5 41. f3 Re8 42. Rd3 Nb5 43. Rc2 Ba3+ 44. Ka2 Ra8 45. Kb1 Be7 46. Ra2 Na3+ 47. Kb2 Rg8 48. b4 Bxb4 49. Raxa3 Bxa3+ 50. Rxa3 Rg3 51. Kc3 Rxh3 52. Kd4 Rxf3 53. Ra7 h5 54. Ke5 h4 55. Ra4 h3 56. Rh4+ Kg7 57. e4 Kg6 58. exf5+ Kg5 59. Rh8 Re3+ 60. Kd4 Ra3 61. Ke4 Rb3 62. f6 Kxf6 63. Kf4 Kg7 64. Rh5 Kg6 65. Rh8 Kg7 66. Rh5 1/2-1/2

[Event "AUT-chT 2324"]
[Site "Austria"]
[Date "2023.11.23"]
[Round "2.3"]
[White "Maghsoodloo, Parham"]
[Black "Janzelj, Tim"]
[Result "1/2-1/2"]
[WhiteElo "2732"]
[BlackElo "2443"]
[PlyCount "96"]
[EventDate "2023.11.22"]
[EventType "team-tourn"]
[EventRounds "11"]
[EventCountry "AUT"]
[SourceTitle "CB48_2023"]
[SourceDate "2023.11.29"]
[SourceVersion "1"]
[SourceVersionDate "2023.11.29"]
[SourceQuality "1"]
[WhiteTeam "Linz"]
[BlackTeam "Raika Feffernitz"]
[WhiteTeamCountry "AUT"]
[BlackTeamCountry "AUT"]

1. c4 e5 2. Nc3 Nf6 3. Nf3 Nc6 4. g3 g6 5. Bg2 Bg7 6. 0-0 0-0 7. d3 d6 8. Rb1 a5 9. a3 Nh5 10. b4 f5 11. Bg5 Qd7 12. Nd5 axb4 13. axb4 h6 14. b5 hxg5 15. bxc6 bxc6 16. Nb4 Bf6 17. Nxe5 dxe5 18. Bxc6 Qh7 19. Bxa8 Kg7 20. Bg2 Rh8 21. h3 g4 22. Nd5 f4 23. Nxf6 Nxf6 24. h4 g5 25. Qd2 Qh6 26. Qa5 f3 27. Qxc7+ Bd7 28. Rb6 fxg2 29. Rfb1 Rf8 30. Rxf6 Qxf6 31. Qxd7+ Rf7 32. Qxf7+ Kxf7 33. hxg5 Qxg5 34. Rb5 Ke6 35. e3 Qd8 36. Rd5 Qc7 37. d4 exd4 38. Rxd4 Kf5 39. Rf4+ Kg5 40. Kxg2 Qb7+ 41. Kg1 Qb1+ 42. Kg2 Qb7+ 43. e4 Qc6 44. c5 Qe6 45. Kg1 Qc4 46. Kg2 Qe6 47. Kg1 Qc4 48. Kg2 Qe6 1/2-1/2

[Event "Titled Tuesday intern op 12th Sep Early"]
[Site "Chess.com INT"]
[Date "2023.09.12"]
[Round "4"]
[White "Janzelj, Tim"]
[Black "Hernando Rodrigo, Julio Antonio"]
[Result "0-1"]
[WhiteElo "2457"]
[BlackElo "2208"]
[PlyCount "120"]
[EventDate "2023.09.12"]
[EventType "swiss (blitz)"]
[EventRounds "11"]
[EventCountry "USA"]
[SourceTitle "EXT 2024"]
[Source "ChessBase"]
[SourceDate "2023.10.10"]
[SourceVersion "1"]
[SourceVersionDate "2023.10.10"]
[SourceQuality "1"]

1. d4 d5 2. c4 e6 3. Nf3 h6 4. g3 Nf6 5. Bg2 Bd6 6. 0-0 0-0 7. b3 dxc4 8. bxc4 Nc6 9. Nc3 e5 10. d5 Na5 11. Nd2 b6 12. Bb2 a6 13. e4 Bd7 14. Qc2 c5 15. dxc6 Nxc6 16. Nd5 Rc8 17. Qb3 b5 18. cxb5 axb5 19. Rfd1 Nxd5 20. exd5 Na5 21. Qe3 f5 22. Bxe5 Re8 23. Nf3 Nc4 24. Qb3 Nxe5 25. Nxe5 Bxe5 26. Rac1 Kh8 27. d6 Qb6 28. Qf7 Rxc1 29. Rxc1 Qxd6 30. Bf3 Rf8 31. Qh5 Be8 32. Qh4 f4 33. Rd1 Qf6 34. Qxf6 Bxf6 35. gxf4 Bf7 36. Rb1 Bc4 37. Bc6 Bxa2 38. Rxb5 Rc8 39. Be4 Bc4 40. Rb4 Bg8 41. f3 Bh7 42. Kg2 Rf8 43. Kg3 Be7 44. Rd4 Bc5 45. Rd3 Ba7 46. Bxh7 Kxh7 47. h4 Bb8 48. Rd4 h5 49. Rb4 g6 50. Rb7+ Kh6 51. Rb4 Bd6 52. Rd4 Bc7 53. Rc4 Bb8 54. Rb4 Kg7 55. Rb7+ Kg8 56. Rb4 Bd6 57. Rd4 Rf6 58. Rc4 Rxf4 59. Rc6 Rd4+ 60. Kg2 Kf7 0-1

[Event "Titled Tuesday intern op 12th Sep Late"]
[Site "Chess.com INT"]
[Date "2023.09.12"]
[Round "9"]
[White "Janzelj, Tim"]
[Black "Kamsky, Gata"]
[Result "0-1"]
[WhiteElo "2457"]
[BlackElo "2641"]
[PlyCount "62"]
[EventDate "2023.09.12"]
[EventType "swiss (blitz)"]
[EventRounds "11"]
[EventCountry "USA"]
[SourceTitle "EXT 2024"]
[Source "ChessBase"]
[SourceDate "2023.10.10"]
[SourceVersion "1"]
[SourceVersionDate "2023.10.10"]
[SourceQuality "1"]

1. d4 Nf6 2. c4 e6 3. Nf3 b6 4. g3 Bb7 5. Bg2 Bb4+ 6. Bd2 a5 7. 0-0 0-0 8. Nc3 d6 9. Rc1 Nbd7 10. Nb5 Bxd2 11. Qxd2 Re8 12. Rfd1 Be4 13. Qf4 h6 14. h4 Rc8 15. Bh3 Qe7 16. Nd2 Bb7 17. Bg2 e5 18. dxe5 dxe5 19. Qf5 g6 20. Qc2 Bxg2 21. Kxg2 e4 22. Nf1 Ne5 23. Ne3 Neg4 24. Qc3 Rcd8 25. Nd5 Nxd5 26. cxd5 e3 27. f3 Nf2 28. Rd4 Qd7 29. g4 Qxb5 30. a4 Qxe2 31. Rc2 Qa6 0-1

[Event "Titled Tuesday intern op 12th Sep Early"]
[Site "Chess.com INT"]
[Date "2023.09.12"]
[Round "7"]
[White "Janzelj, Tim"]
[Black "Rietze, Clemens"]
[Result "1-0"]
[WhiteElo "2457"]
[BlackElo "2329"]
[PlyCount "83"]
[EventDate "2023.09.12"]
[EventType "swiss (blitz)"]
[EventRounds "11"]
[EventCountry "USA"]
[SourceTitle "EXT 2024"]
[Source "ChessBase"]
[SourceDate "2023.10.10"]
[SourceVersion "1"]
[SourceVersionDate "2023.10.10"]
[SourceQuality "1"]

1. d4 Nf6 2. c4 e6 3. g3 d5 4. Bg2 Bb4+ 5. Nd2 0-0 6. Ngf3 dxc4 7. Qc2 a5 8. 0-0 b5 9. a4 c6 10. b3 cxb3 11. Nxb3 bxa4 12. Nc5 Nbd7 13. Nxa4 Ba6 14. Rd1 Bb5 15. Ne5 Rc8 16. Bg5 Qc7 17. Bf4 Qb7 18. Nc4 Qa7 19. Nd6 Rcd8 20. Nc3 Bxc3 21. Qxc3 Nd5 22. Bxd5 exd5 23. Rxa5 Qb6 24. Nxb5 cxb5 25. Rb1 Rc8 26. Qd2 Nf6 27. Raxb5 Qe6 28. f3 Rfe8 29. Rb8 h6 30. Rxc8 Rxc8 31. Rb8 Kh7 32. Qd3+ g6 33. Rb7 Re8 34. Kf2 Kg8 35. g4 h5 36. h3 hxg4 37. hxg4 Nh7 38. Qe3 Nf8 39. Qxe6 Nxe6 40. Be5 Rc8 41. Rb1 Rc4 42. Rb8+ 1-0

[Event "Vienna Ottakring 100 Years"]
[Site "Vienna"]
[Date "2023.08.28"]
[Round "3"]
[White "Janzelj, Tim"]
[Black "Michaelides, Konstantinos"]
[Result "1-0"]
[WhiteElo "2458"]
[BlackElo "2300"]
[PlyCount "123"]
[EventDate "2023.08.26"]
[EventType "swiss"]
[EventRounds "9"]
[EventCountry "AUT"]
[SourceTitle "EXT 2024"]
[Source "ChessBase"]
[SourceDate "2023.10.10"]
[SourceVersion "1"]
[SourceVersionDate "2023.10.10"]
[SourceQuality "1"]

1. Nf3 Nf6 2. g3 d5 3. Bg2 c6 4. 0-0 Bg4 5. h3 Bh5 6. d3 e6 7. c4 dxc4 8. dxc4 Qxd1 9. Rxd1 Nbd7 10. Bf4 0-0-0 11. Nc3 Bb4 12. Rdc1 Nb6 13. g4 Bg6 14. Ne5 Nfd7 15. Nxg6 hxg6 16. Ne4 e5 17. Be3 Be7 18. a4 a6 19. b4 Kc7 20. a5 Nc8 21. b5 f5 22. Ng5 Bxg5 23. Bxg5 Rde8 24. Rd1 Nc5 25. Be3 Ne6 26. Rab1 Nd4 27. Rxd4 exd4 28. Bf4+ Kd7 29. bxc6+ bxc6 30. Rb7+ Ke6 31. Bxc6 Rd8 32. Bd5+ Rxd5 33. cxd5+ Kxd5 34. Rxg7 fxg4 35. hxg4 Re8 36. Kf1 Re6 37. Rd7+ Ke4 38. Bg3 Ne7 39. f3+ Ke3 40. Ke1 g5 41. Bf2+ Kf4 42. Rxd4+ Ke5 43. Re4+ Kd5 44. Rxe6 Kxe6 45. Be3 Nc6 46. Bd2 Kd5 47. Kd1 Kc4 48. Bxg5 Nxa5 49. Kc2 Nc6 50. Bf6 Kd5 51. e4+ Ke6 52. Bc3 Nd8 53. f4 Nf7 54. g5 Nd6 55. Kd3 Nb7 56. f5+ Kf7 57. g6+ Kg8 58. Bb4 a5 59. Ba3 Kg7 60. Kc4 Kf6 61. Kd5 Nd8 62. Kd6 1-0

[Event "Sitges op 47th"]
[Site "Sitges"]
[Date "2023.07.26"]
[Round "5"]
[White "Janzelj, Tim"]
[Black "Klabis, Rokas"]
[Result "1/2-1/2"]
[WhiteElo "2453"]
[BlackElo "2420"]
[PlyCount "70"]
[EventDate "2023.07.22"]
[EventType "swiss"]
[EventRounds "9"]
[EventCountry "ESP"]
[SourceTitle "CBM 215 Extra"]
[Source "ChessBase"]
[SourceDate "2023.09.30"]
[SourceVersion "1"]
[SourceVersionDate "2023.09.30"]
[SourceQuality "1"]

1. e4 e5 2. Nc3 Nf6 3. Bc4 Nc6 4. d3 Na5 5. Bb3 Nxb3 6. axb3 d5 7. Nf3 dxe4 8. dxe4 Qxd1+ 9. Kxd1 Bd6 10. Bg5 Ng4 11. Ke2 f6 12. Bc1 f5 13. Nd2 Nf6 14. f3 g6 15. exf5 gxf5 16. Nc4 Rg8 17. Kf2 Be6 18. Re1 Bxc4 19. bxc4 0-0-0 20. Ra5 Nd7 21. Kf1 a6 22. Be3 c6 23. c5 Bc7 24. Ra4 e4 25. fxe4 Bxh2 26. exf5 Rdf8 27. g4 h5 28. Bh6 Rf6 29. g5 Rxf5+ 30. Kg2 Be5 31. Ne4 Nf6 32. Kh3 Rf3+ 33. Kg2 Rf5 34. Kh3 Rf3+ 35. Kg2 Rf5 1/2-1/2

[Event "Sitges op 47th"]
[Site "Sitges"]
[Date "2023.07.22"]
[Round "1"]
[White "Janzelj, Tim"]
[Black "Kufferath, Camille"]
[Result "1-0"]
[WhiteElo "2453"]
[BlackElo "2029"]
[PlyCount "51"]
[EventDate "2023.07.22"]
[EventType "swiss"]
[EventRounds "9"]
[EventCountry "ESP"]
[SourceTitle "CBM 215 Extra"]
[Source "ChessBase"]
[SourceDate "2023.09.30"]
[SourceVersion "1"]
[SourceVersionDate "2023.09.30"]
[SourceQuality "1"]

1. Nf3 Nf6 2. g3 g6 3. b3 d6 4. d4 Bg7 5. Bb2 b5 6. Qd3 a6 7. Nbd2 Nbd7 8. a4 bxa4 9. Rxa4 c5 10. Bg2 Bb7 11. Nc4 cxd4 12. Qxd4 Nc5 13. Ra2 Rc8 14. 0-0 0-0 15. Qh4 Nh5 16. Bxg7 Nxg7 17. Ng5 h5 18. Bxb7 Nxb7 19. Rxa6 Nf5 20. Qf4 e5 21. Qd2 Nd4 22. Ne4 d5 23. Nf6+ Kg7 24. Nxe5 Nc5 25. Qxd4 Nxa6 26. Ned7 1-0

[Event "Barbera del Valles op 45th"]
[Site "Barbera del Valles"]
[Date "2023.07.04"]
[Round "1"]
[White "Janzelj, Tim"]
[Black "Oliver Martinez Fornes, Carlos"]
[Result "1-0"]
[WhiteElo "2453"]
[BlackElo "2073"]
[PlyCount "57"]
[EventDate "2023.07.04"]
[EventType "swiss"]
[EventRounds "9"]
[EventCountry "ESP"]
[SourceTitle "CBM 215 Extra"]
[Source "ChessBase"]
[SourceDate "2023.09.30"]
[SourceVersion "1"]
[SourceVersionDate "2023.09.30"]
[SourceQuality "1"]

1. e4 e6 2. d4 d5 3. Nc3 Nf6 4. Bg5 Bb4 5. Nge2 a6 6. a3 Be7 7. exd5 Nxd5 8. Bxe7 Qxe7 9. Qd3 0-0 10. 0-0-0 Nd7 11. Ne4 b5 12. h4 N7b6 13. Ng5 f5 14. Rg1 h6 15. Nf3 Nc4 16. g3 Bb7 17. Nf4 Qd6 18. Ne5 Ndb6 19. Nxc4 Nxc4 20. Qb3 Bd5 21. Bxc4 bxc4 22. Qc3 Rab8 23. Ng6 Rfd8 24. Ne5 Rb5 25. Nxc4 Qc6 26. Ne5 Qb6 27. g4 c5 28. gxf5 exf5 29. Rg6 1-0

[Event "Dortmund Sparkassen op 50th"]
[Site "Dortmund"]
[Date "2023.06.26"]
[Round "3"]
[White "Adams, Michael"]
[Black "Janzelj, Tim"]
[Result "1-0"]
[WhiteElo "2666"]
[BlackElo "2453"]
[PlyCount "67"]
[EventDate "2023.06.24"]
[EventType "swiss"]
[EventRounds "9"]
[EventCountry "GER"]
[SourceTitle "CBM 215 Extra"]
[Source "ChessBase"]
[SourceDate "2023.09.30"]
[SourceVersion "1"]
[SourceVersionDate "2023.09.30"]
[SourceQuality "1"]

1. e4 e6 2. d4 d5 3. e5 c5 4. c3 Nc6 5. Nf3 Qb6 6. Be2 cxd4 7. cxd4 Nh6 8. Bxh6 Qxb2 9. Nbd2 gxh6 10. 0-0 Bd7 11. Rb1 Qxa2 12. Rxb7 Rb8 13. Rxb8+ Nxb8 14. Nb3 Be7 15. Qd3 Nc6 16. Ra1 Qb2 17. Rb1 Qa3 18. Qd2 a5 19. h4 a4 20. Nc1 Kd8 21. Rb7 Bc8 22. Rb2 Bd7 23. Na2 Rg8 24. Kh2 Kc7 25. Nc3 Nb4 26. Nb1 Qa1 27. Rxb4 Bxb4 28. Qxb4 Ra8 29. Qd6+ Kc8 30. Ba6+ Rxa6 31. Qxa6+ Kd8 32. Qb6+ Kc8 33. Ne1 Qa2 34. Nd3 1-0

[Event "AUT-chT 2223"]
[Site "Austria"]
[Date "2023.04.14"]
[Round "10.1"]
[White "Janzelj, Tim"]
[Black "Dragnev, Valentin"]
[Result "0-1"]
[WhiteElo "2456"]
[BlackElo "2551"]
[PlyCount "108"]
[EventDate "2022.11.03"]
[EventType "team-tourn"]
[EventRounds "11"]
[EventCountry "AUT"]
[SourceTitle "EXT 2024"]
[Source "ChessBase"]
[SourceDate "2023.10.10"]
[SourceVersion "1"]
[SourceVersionDate "2023.10.10"]
[SourceQuality "1"]
[WhiteTeam "Raika Feffernitz"]
[BlackTeam "Ottakring"]
[WhiteTeamCountry "AUT"]
[BlackTeamCountry "AUT"]

1. e4 e5 2. Nc3 Nf6 3. Bc4 Nxe4 4. Qh5 Nd6 5. Qxe5+ Qe7 6. Qxe7+ Bxe7 7. Be2 Nf5 8. Nf3 Nc6 9. Nd5 Bd8 10. c3 Nce7 11. Nxe7 Bxe7 12. g4 Nd6 13. 0-0 h5 14. g5 b6 15. d3 Nf5 16. a4 Bb7 17. a5 0-0-0 18. Ne5 Rdf8 19. Re1 d6 20. a6 Ba8 21. Bf3 Bxf3 22. Nxf3 f6 23. g6 Bd8 24. Ra4 Ne7 25. Nh4 Nc6 26. d4 f5 27. Ng2 Ne7 28. Nf4 Rf6 29. Kf1 Nxg6 30. Nd5 Rf7 31. Nb4 Kd7 32. d5 Bf6 33. Nc6 Ra8 34. f4 Ne7 35. Nb4 Rg8 36. Bd2 c5 37. dxc6+ Nxc6 38. Nd5 Ne7 39. Nxf6+ gxf6 40. Re2 Rfg7 41. Rf2 Rg1+ 42. Ke2 Rb1 43. Ra2 h4 44. c4 Nc6 45. Bc3 h3 46. Kf3 Rg6 47. Ra3 Nd8 48. Ke2 Ne6 49. b4 Rg2 50. Ke3 Rh1 51. Bxf6 Rhxh2 52. Rf3 Rc2 53. Bc3 Rce2+ 54. Kd3 Re4 0-1

[Event "AUT-chT 2223"]
[Site "Austria"]
[Date "2023.03.24"]
[Round "6.1"]
[White "Janzelj, Tim"]
[Black "Svane, Rasmus"]
[Result "0-1"]
[WhiteElo "2456"]
[BlackElo "2619"]
[PlyCount "102"]
[EventDate "2022.11.03"]
[EventType "team-tourn"]
[EventRounds "11"]
[EventCountry "AUT"]
[SourceTitle "CBM 213 Extra"]
[Source "ChessBase"]
[SourceDate "2023.05.31"]
[SourceVersion "1"]
[SourceVersionDate "2023.05.31"]
[SourceQuality "1"]
[WhiteTeam "Raika Feffernitz"]
[BlackTeam "Jenbach"]
[WhiteTeamCountry "AUT"]
[BlackTeamCountry "AUT"]

1. e4 e6 2. d4 d5 3. Nc3 Nf6 4. Bg5 dxe4 5. Nxe4 Nbd7 6. Nf3 h6 7. Nxf6+ Nxf6 8. Bh4 c5 9. c3 a6 10. Ne5 Bd6 11. Nc4 cxd4 12. Qxd4 Bc7 13. Qxd8+ Kxd8 14. 0-0-0+ Ke7 15. Bg3 Bxg3 16. hxg3 Bd7 17. Ne5 Rhc8 18. Rh4 Be8 19. Rhd4 Rc5 20. f4 Rac8 21. Be2 b5 22. Bf3 R5c7 23. a3 Nd7 24. Nxd7 Rxd7 25. Kc2 f6 26. Rxd7+ Bxd7 27. Re1 a5 28. Bg4 Rc6 29. b4 axb4 30. axb4 Ra6 31. Kb3 Rd6 32. Bf3 Rd2 33. Re3 g5 34. c4 Rd4 35. cxb5 Bxb5 36. Re4 Rxe4 37. Bxe4 f5 38. Bf3 g4 39. Bb7 Kd7 40. Kc3 Kc7 41. Ba8 Kb8 42. Bf3 gxf3 43. gxf3 Be2 44. Kd4 Bxf3 45. Ke5 Bd5 46. Kf6 Kc7 47. Kg6 Kc6 48. Kxh6 Kb5 49. Kg5 Kxb4 50. g4 Be4 51. Kh4 fxg4 0-1

[Event "EU-ch 23rd"]
[Site "Vrnjacka Banja"]
[Date "2023.03.03"]
[Round "1"]
[White "Giacomini, Hector"]
[Black "Janzelj, Tim"]
[Result "0-1"]
[WhiteElo "2121"]
[BlackElo "2472"]
[PlyCount "96"]
[EventDate "2023.03.03"]
[EventType "swiss"]
[EventRounds "11"]
[EventCountry "SRB"]
[SourceTitle "CBM 213"]
[Source "ChessBase"]
[SourceDate "2023.04.30"]
[SourceVersion "1"]
[SourceVersionDate "2023.04.30"]
[SourceQuality "1"]

1. Nf3 d5 2. e3 Nf6 3. c4 e6 4. Nc3 Bd6 5. d4 b6 6. cxd5 exd5 7. Bd3 Bb7 8. 0-0 a6 9. b3 Nbd7 10. Bb2 Qe7 11. Rc1 Ne4 12. Ne2 0-0-0 13. Qc2 Kb8 14. Nf4 g5 15. Nh5 g4 16. Ne5 Nxe5 17. dxe5 Bxe5 18. Bxe5 Qxe5 19. Bxe4 dxe4 20. Nf4 h5 21. Rfd1 h4 22. Qc4 Qe7 23. b4 Rxd1+ 24. Rxd1 Rd8 25. Rxd8+ Qxd8 26. Qd4 Qe7 27. Kf1 c5 28. bxc5 bxc5 29. Qc3 Ka7 30. Ke1 Qc7 31. Kd2 Qd7+ 32. Ke1 Qb5 33. Kd2 Bc6 34. Ne2 Kb6 35. Qb3 Qb4+ 36. Nc3 Ka5 37. Qxf7 Qb2+ 38. Kd1 Qxc3 39. Qc7+ Kb4 40. Qxc6 Qa1+ 41. Ke2 Qxa2+ 42. Ke1 Qc4 43. Qb7+ Kc3 44. Qb1 Qb4 45. Qc1+ Kb3+ 46. Kd1 Qc4 47. Qb1+ Ka3 48. Qa1+ Kb4 0-1

[Event "AUT-chT 2223"]
[Site "Austria"]
[Date "2022.11.04"]
[Round "2.2"]
[White "Maghsoodloo, Parham"]
[Black "Janzelj, Tim"]
[Result "1-0"]
[WhiteElo "2720"]
[BlackElo "2456"]
[PlyCount "85"]
[EventDate "2022.11.03"]
[EventType "team-tourn"]
[EventRounds "11"]
[EventCountry "AUT"]
[SourceTitle "EXT 2024"]
[Source "ChessBase"]
[SourceDate "2023.10.10"]
[SourceVersion "1"]
[SourceVersionDate "2023.10.10"]
[SourceQuality "1"]
[WhiteTeam "Linz"]
[BlackTeam "Raika Feffernitz"]
[WhiteTeamCountry "AUT"]
[BlackTeamCountry "AUT"]

1. e4 c6 2. d4 d5 3. f3 dxe4 4. fxe4 e5 5. Nf3 Bg4 6. c3 Nd7 7. Bd3 Bd6 8. 0-0 Ngf6 9. Be3 0-0 10. Nbd2 b5 11. a4 a6 12. Qc2 Qc7 13. Kh1 Rab8 14. b4 Kh8 15. Rab1 Bh5 16. Bg1 Bg6 17. Nh4 Nh5 18. Nxg6+ fxg6 19. Nf3 Nf4 20. c4 exd4 21. axb5 axb5 22. c5 Be5 23. Qd2 Rbd8 24. Bc2 d3 25. Bxd3 Nxd3 26. Qxd3 Nxc5 27. Qc2 Ne6 28. Nxe5 Qxe5 29. Rxf8+ Rxf8 30. Qxc6 Ng5 31. Rf1 Re8 32. Bd4 Qe7 33. Qxb5 Nxe4 34. Qc6 Rd8 35. Bb6 Rg8 36. b5 Qh4 37. Kg1 Nd2 38. Rd1 Nc4 39. Bf2 Qh5 40. Re1 Ne5 41. Qd5 Ng4 42. Qxh5 gxh5 43. Ba7 1-0